[Event "XLIV Memoriał Szachowy Ludwika Zamenhofa 2025, Grupa A"]
[Site "Białystok, Poland"]
[Date "2025.12.30"]
[Round "7.22"]
[White "Obukhava, Anastasiya"]
[Black "Podgorski, Maciej"]
[Result "0-1"]
[TimeControl "90'+30\""]
[WhiteElo "2146"]
[BlackElo "2030"]

1. c4 {[%clk 01:30:58]} {[%emt 00:00:01]} e5 {[%clk 01:23:15]} {[%emt
00:07:45]} 2. g3 {[%clk 01:31:20]} {[%emt 00:00:08]} Nf6 {[%clk 01:23:16]}
{[%emt 00:00:29]} 3. Bg2 {[%clk 01:31:42]} {[%emt 00:00:07]} Nc6 {[%clk
01:23:13]} {[%emt 00:00:34]} 4. Nc3 {[%clk 01:31:59]} {[%emt 00:00:13]} Bb4
{[%clk 01:23:28]} {[%emt 00:00:15]} 5. Nd5 {[%clk 01:32:13]} {[%emt 00:00:16]}
Be7 {[%clk 01:22:56]} {[%emt 00:01:01]} 6. e3 {[%emt 00:03:35]} O-O {[%clk
01:23:03]} 7. Ne2 {[%clk 01:29:15]} {[%emt 00:00:46]} d6 {[%clk 01:23:12]}
{[%emt 00:00:21]} 8. h3 {[%clk 01:27:59]} {[%emt 00:01:46]} Bf5 {[%clk
01:15:57]} {[%emt 00:07:45]} 9. d3 {[%clk 01:27:01]} {[%emt 00:01:28]} Nxd5
{[%clk 01:15:11]} {[%emt 00:01:16]} 10. cxd5 {[%clk 01:27:18]} {[%emt
00:00:13]} Nb4 {[%clk 01:14:59]} {[%emt 00:00:42]} 11. e4 {[%clk 01:27:35]}
{[%emt 00:00:13]} Bd7 {[%clk 01:14:31]} {[%emt 00:00:57]} 12. Nc3 {[%clk
01:23:11]} {[%emt 00:04:55]} a5 {[%clk 01:11:14]} {[%emt 00:03:48]} 13. O-O
{[%clk 01:20:55]} {[%emt 00:02:45]} c6 {[%clk 01:07:44]} {[%emt 00:04:00]} 14.
a3 {[%clk 01:10:19]} {[%emt 00:11:07]} Na6 {[%clk 01:07:55]} {[%emt 00:00:19]}
15. Be3 {[%clk 01:09:43]} {[%emt 00:01:05]} c5 {[%clk 01:05:22]} {[%emt
00:03:03]} 16. f4 {[%clk 00:38:18]} {[%emt 00:31:55]} Bf6 {[%clk 01:03:44]}
{[%emt 00:02:09]} 17. Kh2 {[%clk 00:38:04]} {[%emt 00:00:43]} b5 {[%clk
01:03:00]} {[%emt 00:01:14]} 18. fxe5 {[%clk 00:36:53]} {[%emt 00:01:41]} Bxe5
{[%clk 01:03:02]} {[%emt 00:00:28]} 19. d4 {[%clk 00:37:00]} {[%emt 00:00:23]}
cxd4 {[%clk 01:02:21]} {[%emt 00:01:10]} 20. Bxd4 {[%clk 00:37:29]} {[%emt
00:00:02]} Qg5 {[%clk 00:59:55]} {[%emt 00:02:55]} 21. Ne2 {[%clk 00:35:29]}
{[%emt 00:02:31]} Nc5 {[%clk 00:54:53]} {[%emt 00:05:32]} 22. Rc1 {[%clk
00:31:43]} {[%emt 00:04:16]} Rfe8 {[%clk 00:52:51]} {[%emt 00:02:32]} 23. Rc3
{[%clk 00:16:11]} {[%emt 00:16:02]} Bxd4 {[%clk 00:38:34]} {[%emt 00:14:46]} 24.
Qxd4 {[%clk 00:16:24]} {[%emt 00:00:18]} f5 {[%clk 00:38:28]} {[%emt 00:00:36]}
25. Re3 {[%clk 00:10:57]} {[%emt 00:05:57]} Re5 {[%clk 00:28:57]} {[%emt
00:10:00]} 26. b4 {[%clk 00:06:44]} {[%emt 00:04:44]} axb4 {[%clk 00:28:58]}
{[%emt 00:00:29]} 27. axb4 {[%clk 00:07:13]} Nxe4 {[%clk 00:28:47]} {[%emt
00:00:40]} 28. Bxe4 {[%clk 00:07:25]} {[%emt 00:00:19]} fxe4 {[%clk 00:28:54]}
{[%emt 00:00:23]} 29. Nc3 {[%clk 00:07:17]} {[%emt 00:00:38]} Qh5 {[%clk
00:19:44]} {[%emt 00:09:40]} 30. h4 {[%clk 00:07:13]} {[%emt 00:00:34]} Rae8
{[%clk 00:08:01]} {[%emt 00:12:12]} 31. Rf4 {[%clk 00:06:18]} {[%emt 00:01:25]}
Bf5 {[%clk 00:05:55]} {[%emt 00:02:36]} 32. Kg1 {[%clk 00:05:20]} {[%emt
00:01:29]} Bg6 {[%clk 00:05:22]} {[%emt 00:01:03]} 33. Qb6 {[%clk 00:03:35]}
{[%emt 00:02:15]} Rxd5 {[%clk 00:05:25]} {[%emt 00:00:27]} 34. Nxd5 {[%clk
00:04:04]} Qxd5 {[%clk 00:05:46]} {[%emt 00:00:10]} 35. Rf2 {[%clk 00:04:09]}
{[%emt 00:00:24]} h6 {[%clk 00:04:59]} {[%emt 00:01:16]} 36. g4 {[%clk
00:01:49]} {[%emt 00:02:51]} Qd1+ {[%clk 00:03:52]} {[%emt 00:01:37]} 37. Kh2
{[%clk 00:01:52]} {[%emt 00:00:27]} Qxg4 {[%clk 00:03:44]} {[%emt 00:00:38]} 38.
Qxd6 {[%clk 00:02:21]} {[%emt 00:00:02]} Qxh4+ {[%clk 00:04:07]} {[%emt
00:00:06]} 39. Kg1 {[%clk 00:02:06]} {[%emt 00:00:44]} Bh5 {[%clk 00:01:27]}
{[%emt 00:03:10]} 40. Qd5+ {[%clk 00:02:16]} {[%emt 00:00:21]} Kh8 {[%clk
00:01:50]} {[%emt 00:00:06]} 41. Qxb5 {[%clk 00:00:48]} {[%emt 00:01:59]} Rd8
{[%clk 00:02:09]} {[%emt 00:00:11]} 42. Qf5 {[%clk 00:00:34]} {[%emt 00:00:44]}
Bf3 {[%clk 00:01:44]} {[%emt 00:00:54]} 43. Rexf3 {[%clk 00:01:03]} {[%emt
00:00:02]} exf3 {[%clk 00:02:07]} {[%emt 00:00:07]} 44. Qxf3 {[%clk 00:01:11]}
{[%emt 00:00:22]} Qxb4 {[%clk 00:02:27]} {[%emt 00:00:09]} 45. Qf7 {[%clk
00:00:32]} {[%emt 00:01:10]} Qg4+ {[%clk 00:02:21]} {[%emt 00:00:35]} 46. Kh2
{[%clk 00:00:56]} {[%emt 00:00:07]} Rd3 {[%clk 00:02:10]} {[%emt 00:00:40]} 47.
Qf8+ {[%clk 00:00:34]} {[%emt 00:00:53]} Kh7 {[%clk 00:02:35]} {[%emt
00:00:05]} 48. Qf5+ {[%clk 00:01:00]} {[%emt 00:00:03]} Qxf5 {[%clk 00:02:57]}
{[%emt 00:00:08]} 49. Rxf5 {[%clk 00:01:29]} {[%emt 00:00:01]} Kg6 {[%clk
00:03:02]} {[%emt 00:00:26]} 50. Ra5 {[%clk 00:01:54]} {[%emt 00:00:05]} h5
{[%clk 00:03:23]} {[%emt 00:00:09]} 51. Kg2 {[%clk 00:02:19]} {[%emt 00:00:05]}
Kh6 {[%clk 00:03:47]} {[%emt 00:00:06]} 52. Ra6+ {[%clk 00:02:45]} {[%emt
00:00:05]} g6 {[%clk 00:04:13]} {[%emt 00:00:03]} 53. Ra5 {[%clk 00:03:10]}
{[%emt 00:00:05]} h4 {[%clk 00:04:30]} {[%emt 00:00:12]} 0-1

[Event "XLIV Memoriał Szachowy Ludwika Zamenhofa 2025, Grupa A"]
[Site "Białystok, Poland"]
[Date "2025.12.30"]
[Round "7.23"]
[White "Wites, Adam"]
[Black "Flak, Pawel"]
[Result "1-0"]
[TimeControl "90'+30\""]
[WhiteElo "2017"]
[BlackElo "2113"]

1. Nf3 {[%clk 01:30:56]} {[%emt 00:00:02]} b6 {[%clk 01:30:55]} {[%emt
00:00:08]} 2. g3 {[%clk 01:31:10]} {[%emt 00:00:15]} Bb7 {[%clk 01:31:24]}
{[%emt 00:00:02]} 3. Bg2 {[%clk 01:31:25]} {[%emt 00:00:15]} Nf6 {[%clk
01:31:51]} {[%emt 00:00:02]} 4. O-O {[%clk 01:31:40]} {[%emt 00:00:15]} e6
{[%clk 01:32:20]} 5. c4 {[%clk 01:31:22]} {[%emt 00:00:49]} Be7 {[%clk
01:32:45]} {[%emt 00:00:05]} 6. Nc3 {[%clk 01:31:19]} {[%emt 00:00:33]} O-O
{[%clk 01:33:11]} {[%emt 00:00:03]} 7. d4 {[%clk 01:30:21]} {[%emt 00:01:28]}
Ne4 {[%clk 01:33:38]} {[%emt 00:00:03]} 8. Qc2 {[%clk 01:28:55]} {[%emt
00:01:56]} f5 {[%clk 01:34:05]} {[%emt 00:00:02]} 9. Rd1 {[%clk 01:26:54]}
{[%emt 00:02:31]} Nxc3 {[%clk 01:33:44]} {[%emt 00:00:52]} 10. bxc3 {[%clk
01:25:41]} {[%emt 00:01:43]} Be4 {[%clk 01:29:02]} {[%emt 00:05:11]} 11. Qb2
{[%clk 01:20:28]} {[%emt 00:05:42]} Nc6 {[%clk 01:28:43]} {[%emt 00:00:50]} 12.
Nd2 {[%clk 01:10:31]} {[%emt 00:10:26]} Bxg2 {[%clk 01:29:00]} {[%emt
00:00:16]} 13. Kxg2 {[%clk 01:10:52]} {[%emt 00:00:08]} Na5 {[%clk 01:28:55]}
{[%emt 00:00:35]} 14. Qc2 {[%clk 01:08:46]} {[%emt 00:02:36]} c5 {[%clk
01:21:52]} {[%emt 00:07:33]} 15. d5 {[%clk 00:57:24]} {[%emt 00:11:52]} Qe8
{[%clk 01:20:23]} {[%emt 00:01:59]} 16. Qd3 {[%clk 00:50:30]} {[%emt 00:07:24]}
Qf7 {[%clk 01:09:10]} {[%emt 00:11:42]} 17. Nb3 {[%clk 00:44:21]} {[%emt
00:06:40]} Nb7 {[%clk 01:06:34]} {[%emt 00:03:06]} 18. Bf4 {[%clk 00:43:17]}
{[%emt 00:01:33]} g5 {[%clk 01:04:41]} {[%emt 00:02:23]} 19. dxe6 {[%clk
00:38:53]} {[%emt 00:04:55]} dxe6 {[%clk 01:04:58]} {[%emt 00:00:12]} 20. Qf3
{[%clk 00:35:37]} {[%emt 00:03:47]} Bf6 {[%clk 01:03:20]} {[%emt 00:02:08]} 21.
Be3 {[%clk 00:32:47]} {[%emt 00:03:19]} g4 {[%clk 01:01:31]} {[%emt 00:02:20]}
22. Qc6 {[%clk 00:31:17]} {[%emt 00:02:00]} Rfc8 {[%clk 00:58:21]} {[%emt
00:03:39]} 23. Qa4 {[%clk 00:28:08]} {[%emt 00:03:40]} Qe8 {[%clk 00:58:10]}
{[%emt 00:00:41]} 24. Qd7 {[%clk 00:25:37]} {[%emt 00:03:01]} Qxd7 {[%clk
00:57:21]} {[%emt 00:01:19]} 25. Rxd7 {[%clk 00:26:05]} {[%emt 00:00:02]} Nd8
{[%clk 00:57:43]} {[%emt 00:00:08]} 26. Rad1 {[%clk 00:24:26]} {[%emt
00:02:08]} Nf7 {[%clk 00:49:30]} {[%emt 00:08:43]} 27. Rb7 {[%clk 00:22:48]}
{[%emt 00:02:10]} Rd8 {[%clk 00:47:33]} {[%emt 00:02:25]} 28. Rxd8+ {[%clk
00:20:27]} {[%emt 00:02:51]} Nxd8 {[%clk 00:47:09]} {[%emt 00:00:55]} 29. Rc7
{[%clk 00:19:42]} {[%emt 00:01:15]} Bxc3 {[%clk 00:41:50]} {[%emt 00:05:50]} 30.
a4 {[%clk 00:19:16]} {[%emt 00:00:54]} Nf7 {[%clk 00:32:24]} {[%emt 00:09:56]}
31. Bd2 {[%clk 00:15:05]} {[%emt 00:04:42]} Be5 {[%clk 00:26:30]} {[%emt
00:06:23]} 32. Re7 {[%clk 00:13:41]} {[%emt 00:01:54]} Nd6 {[%clk 00:26:44]}
{[%emt 00:00:17]} 33. Rxe6 {[%clk 00:11:35]} {[%emt 00:02:36]} Nxc4 {[%clk
00:27:12]} {[%emt 00:00:02]} 34. a5 {[%clk 00:07:44]} {[%emt 00:04:21]} Kf7
{[%clk 00:23:56]} {[%emt 00:03:46]} 35. Rh6 {[%clk 00:07:04]} {[%emt 00:01:09]}
Kg7 {[%clk 00:14:54]} {[%emt 00:09:33]} 36. Re6 {[%clk 00:06:24]} {[%emt
00:01:10]} Rd8 {[%clk 00:15:21]} {[%emt 00:00:03]} 37. Bg5 {[%clk 00:05:26]}
{[%emt 00:01:27]} Rd7 {[%clk 00:14:28]} {[%emt 00:01:24]} 38. Nc1 {[%clk
00:02:53]} {[%emt 00:03:02]} Kf7 {[%clk 00:14:28]} {[%emt 00:00:31]} 39. Rh6
{[%clk 00:02:18]} {[%emt 00:01:04]} Bg7 {[%clk 00:14:49]} {[%emt 00:00:10]} 40.
Rc6 {[%clk 00:01:06]} {[%emt 00:01:41]} Nxa5 {[%clk 00:15:10]} {[%emt
00:00:10]} 41. Rc8 {[%clk 00:01:31]} {[%emt 00:00:05]} c4 {[%clk 00:14:57]}
{[%emt 00:00:42]} 42. Na2 {[%clk 00:01:49]} {[%emt 00:00:12]} Be5 {[%clk
00:12:43]} {[%emt 00:02:44]} 43. Nb4 {[%clk 00:01:44]} {[%emt 00:00:36]} Rc7
{[%clk 00:12:10]} {[%emt 00:01:02]} 44. Ra8 {[%clk 00:01:53]} {[%emt 00:00:22]}
c3 {[%clk 00:11:44]} {[%emt 00:00:56]} 45. Nd3 {[%clk 00:02:00]} {[%emt
00:00:23]} Bd6 {[%clk 00:11:30]} {[%emt 00:00:44]} 46. Rh8 {[%clk 00:02:14]}
{[%emt 00:00:17]} Kg7 {[%emt 00:04:58]} 47. Rd8 {[%clk 00:02:31]} {[%emt
00:00:11]} Nc4 {[%clk 00:06:37]} {[%emt 00:00:55]} 48. Bc1 {[%clk 00:01:58]}
{[%emt 00:01:04]} a5 {[%clk 00:06:33]} {[%emt 00:00:35]} 49. Bf4 {[%clk
00:01:24]} {[%emt 00:01:03]} Bxf4 {[%clk 00:06:39]} {[%emt 00:00:25]} 50. Nxf4
{[%clk 00:01:53]} c2 {[%clk 00:06:28]} {[%emt 00:00:41]} 51. Nd3 {[%clk
00:02:10]} {[%emt 00:00:12]} b5 {[%clk 00:06:22]} {[%emt 00:00:36]} 1-0

[Event "XLIV Memoriał Szachowy Ludwika Zamenhofa 2025, Grupa A"]
[Site "Białystok, Poland"]
[Date "2025.12.30"]
[Round "8.1"]
[White "Piesik, Piotr"]
[Black "Salna, Aleksandras"]
[Result "1/2-1/2"]
[TimeControl "90'+30\""]
[WhiteElo "2407"]
[BlackElo "2290"]

1. Nf3 {[%clk 01:30:05]} {[%emt 00:00:54]} d5 {[%clk 01:30:52]} {[%emt
00:00:08]} 2. g3 {[%clk 01:30:26]} {[%emt 00:00:10]} Nd7 {[%clk 01:31:02]}
{[%emt 00:00:20]} 3. d4 {[%clk 01:30:38]} {[%emt 00:00:17]} Ngf6 {[%clk
01:31:06]} {[%emt 00:00:27]} 4. Bg2 {[%clk 01:30:36]} {[%emt 00:00:32]} Nb6
{[%clk 01:31:16]} {[%emt 00:00:20]} 5. a4 {[%clk 01:30:38]} {[%emt 00:00:28]}
a5 {[%clk 01:31:09]} {[%emt 00:00:37]} 6. O-O {[%clk 01:28:29]} {[%emt
00:02:39]} h6 {[%clk 01:30:46]} {[%emt 00:00:52]} 7. Nbd2 {[%clk 01:25:13]}
{[%emt 00:03:47]} Bf5 {[%clk 01:30:50]} {[%emt 00:00:26]} 8. b3 {[%clk
01:24:41]} {[%emt 00:01:02]} e6 {[%clk 01:30:53]} {[%emt 00:00:27]} 9. Bb2
{[%clk 01:24:42]} {[%emt 00:00:29]} Be7 {[%clk 01:28:13]} {[%emt 00:03:10]} 10.
Ne5 {[%clk 01:22:42]} {[%emt 00:02:30]} Nbd7 {[%clk 01:28:04]} {[%emt
00:00:39]} 11. Re1 {[%clk 01:20:13]} {[%emt 00:02:59]} O-O {[%clk 01:24:15]}
{[%emt 00:04:19]} 12. c4 {[%clk 00:58:15]} {[%emt 00:22:28]} Bb4 {[%clk
01:17:29]} {[%emt 00:07:17]} 13. Nd3 {[%clk 00:54:50]} {[%emt 00:03:54]} Bxd3
{[%clk 01:02:32]} {[%emt 00:15:27]} 14. exd3 {[%clk 00:55:16]} {[%emt
00:00:04]} c6 {[%clk 01:02:57]} {[%emt 00:00:04]} 15. Re2 {[%clk 00:54:57]}
{[%emt 00:00:50]} Re8 {[%clk 01:01:21]} {[%emt 00:02:06]} 16. Kh1 {[%clk
00:49:43]} {[%emt 00:05:45]} Bf8 {[%clk 00:57:25]} {[%emt 00:04:26]} 17. f4
{[%clk 00:48:53]} {[%emt 00:01:20]} Qb6 {[%clk 00:53:19]} {[%emt 00:04:35]} 18.
Nf3 {[%clk 00:48:23]} {[%emt 00:01:00]} Rad8 {[%clk 00:53:25]} {[%emt
00:00:24]} 19. Rb1 {[%clk 00:40:59]} {[%emt 00:07:54]} Bb4 {[%clk 00:50:09]}
{[%emt 00:03:46]} 20. Qg1 {[%clk 00:32:29]} {[%emt 00:08:59]} c5 {[%clk
00:46:38]} {[%emt 00:04:02]} 21. Ne5 {[%clk 00:30:49]} {[%emt 00:02:10]} dxc4
{[%clk 00:43:27]} {[%emt 00:03:42]} 22. bxc4 {[%clk 00:28:20]} {[%emt
00:02:58]} Qc7 {[%clk 00:43:31]} {[%emt 00:00:25]} 23. Nf3 {[%clk 00:18:23]}
{[%emt 00:10:28]} cxd4 {[%clk 00:39:30]} {[%emt 00:04:31]} 24. Bxd4 {[%clk
00:18:06]} {[%emt 00:00:47]} Bc5 {[%clk 00:37:55]} {[%emt 00:02:04]} 25. Rb5
{[%clk 00:14:07]} {[%emt 00:04:30]} b6 {[%clk 00:37:21]} {[%emt 00:01:04]} 26.
Qb1 {[%clk 00:13:56]} {[%emt 00:00:41]} Bxd4 {[%clk 00:36:06]} {[%emt
00:01:46]} 27. Nxd4 {[%clk 00:14:24]} {[%emt 00:00:01]} Qd6 {[%clk 00:36:26]}
{[%emt 00:00:11]} 28. Nc6 {[%clk 00:14:23]} {[%emt 00:00:30]} Rc8 {[%clk
00:36:37]} {[%emt 00:00:18]} 29. Ne5 {[%clk 00:14:47]} {[%emt 00:00:06]} Rc5
{[%clk 00:35:14]} {[%emt 00:01:53]} 30. h3 {[%clk 00:11:29]} {[%emt 00:03:48]}
Rd8 {[%clk 00:35:20]} {[%emt 00:00:24]} 31. d4 {[%clk 00:10:50]} {[%emt
00:01:09]} Rxb5 {[%clk 00:33:22]} {[%emt 00:02:27]} 32. axb5 {[%clk 00:11:15]}
{[%emt 00:00:06]} Nh5 {[%clk 00:31:49]} {[%emt 00:02:03]} 33. Re3 {[%clk
00:04:37]} {[%emt 00:07:08]} Qxd4 {[%clk 00:25:41]} {[%emt 00:06:38]} 34. Rd3
{[%clk 00:03:16]} {[%emt 00:01:51]} Nxg3+ {[%clk 00:26:06]} {[%emt 00:00:04]}
35. Rxg3 {[%clk 00:03:39]} {[%emt 00:00:08]} Qxf4 {[%clk 00:26:31]} {[%emt
00:00:06]} 36. Nc6 {[%clk 00:04:01]} {[%emt 00:00:07]} Qxg3 {[%clk 00:26:13]}
{[%emt 00:00:48]} 37. Nxd8 {[%clk 00:04:27]} {[%emt 00:00:05]} Ne5 {[%clk
00:26:29]} {[%emt 00:00:13]} 38. Qf1 {[%clk 00:02:49]} {[%emt 00:02:08]} Qe3
{[%clk 00:25:38]} {[%emt 00:01:20]} 39. Nc6 {[%clk 00:02:21]} {[%emt 00:00:59]}
a4 {[%clk 00:25:05]} {[%emt 00:01:03]} 40. Qg1 {[%clk 00:00:55]} {[%emt
00:01:56]} Nxc4 {[%clk 00:24:45]} {[%emt 00:00:49]} 41. Qd1 {[%clk 00:00:45]}
{[%emt 00:00:40]} a3 {[%clk 00:20:42]} {[%emt 00:04:33]} 42. Qd8+ {[%clk
00:00:55]} {[%emt 00:00:20]} Kh7 {[%clk 00:21:07]} {[%emt 00:00:05]} 43. Ne7
{[%clk 00:01:24]} {[%emt 00:00:01]} Qc1+ {[%clk 00:19:19]} {[%emt 00:02:18]} 44.
Kh2 {[%clk 00:01:51]} {[%emt 00:00:03]} Qf4+ {[%clk 00:19:43]} {[%emt
00:00:05]} 45. Kh1 {[%clk 00:02:01]} {[%emt 00:00:21]} h5 {[%clk 00:19:30]}
{[%emt 00:00:43]} 46. Qg8+ {[%clk 00:01:37]} {[%emt 00:00:54]} Kh6 {[%clk
00:19:55]} {[%emt 00:00:05]} 47. Qh8+ {[%clk 00:01:14]} {[%emt 00:00:53]} Kg5
{[%clk 00:20:21]} {[%emt 00:00:04]} 48. Qxg7+ {[%clk 00:01:40]} {[%emt
00:00:05]} Kh4 {[%clk 00:20:47]} {[%emt 00:00:03]} 49. Qa1 {[%clk 00:01:40]}
{[%emt 00:00:30]} Kg3 {[%clk 00:18:25]} {[%emt 00:02:52]} 50. Nc6 {[%clk
00:01:25]} {[%emt 00:00:46]} f6 {[%clk 00:17:31]} {[%emt 00:01:23]} 51. Nd4
{[%clk 00:01:35]} {[%emt 00:00:20]} Qf2 {[%clk 00:16:59]} {[%emt 00:01:02]} 52.
Qc3+ {[%clk 00:01:48]} {[%emt 00:00:17]} Qe3 {[%clk 00:12:50]} {[%emt
00:04:38]} 53. Ne2+ {[%clk 00:01:04]} {[%emt 00:01:15]} Kf2 {[%clk 00:13:02]}
{[%emt 00:00:17]} 54. Qxc4 {[%clk 00:01:30]} {[%emt 00:00:04]} Qxe2 {[%clk
00:10:58]} {[%emt 00:02:34]} 55. Qf4+ {[%clk 00:01:43]} {[%emt 00:00:18]} Ke1
{[%clk 00:11:22]} {[%emt 00:00:05]} 56. Qc1+ {[%clk 00:02:07]} {[%emt
00:00:05]} Qd1 {[%clk 00:11:30]} {[%emt 00:00:23]} 57. Qe3+ {[%clk 00:02:28]}
{[%emt 00:00:10]} Qe2 {[%clk 00:11:52]} {[%emt 00:00:07]} 58. Qc1+ {[%clk
00:02:39]} {[%emt 00:00:20]} Qd1 {[%clk 00:12:17]} {[%emt 00:00:05]} 59. Qe3+
{[%clk 00:02:59]} {[%emt 00:00:10]} Qe2 {[%clk 00:12:39]} {[%emt 00:00:07]}
1/2-1/2

[Event "XLIV Memoriał Szachowy Ludwika Zamenhofa 2025, Grupa A"]
[Site "Białystok, Poland"]
[Date "2025.12.30"]
[Round "8.2"]
[White "Terkiewicz, Bruno"]
[Black "Psyk, Radoslaw"]
[Result "0-1"]
[TimeControl "90'+30\""]
[WhiteElo "2211"]
[BlackElo "2504"]

1. Nf3 {[%emt 00:05:59]} Nf6 {[%clk 01:23:40]} {[%emt 00:01:28]} 2. g3 {[%clk
01:31:09]} {[%emt 00:00:14]} d5 {[%clk 01:22:35]} {[%emt 00:01:35]} 3. Bg2
{[%clk 01:31:34]} {[%emt 00:00:04]} e6 {[%clk 01:22:54]} {[%emt 00:00:12]} 4.
O-O {[%clk 01:31:58]} {[%emt 00:00:06]} Bd6 {[%clk 01:23:04]} {[%emt 00:00:20]}
5. c4 {[%clk 01:32:21]} {[%emt 00:00:07]} O-O {[%clk 01:23:14]} {[%emt
00:00:20]} 6. d4 {[%clk 01:32:46]} {[%emt 00:00:04]} h6 {[%clk 01:23:06]}
{[%emt 00:00:39]} 7. b3 {[%clk 01:32:39]} {[%emt 00:00:38]} b6 {[%clk
01:23:03]} {[%emt 00:00:32]} 8. Bb2 {[%clk 01:32:59]} {[%emt 00:00:10]} Bb7
{[%clk 01:23:26]} {[%emt 00:00:07]} 9. Nc3 {[%clk 01:33:22]} {[%emt 00:00:06]}
Nbd7 {[%clk 01:08:38]} {[%emt 00:15:19]} 10. cxd5 {[%clk 01:27:35]} {[%emt
00:06:17]} exd5 {[%clk 01:08:46]} {[%emt 00:00:21]} 11. Nb5 {[%clk 01:27:19]}
{[%emt 00:00:46]} Re8 {[%clk 01:02:12]} {[%emt 00:07:05]} 12. Nxd6 {[%clk
01:25:22]} {[%emt 00:02:27]} cxd6 {[%clk 01:02:39]} {[%emt 00:00:03]} 13. Rc1
{[%clk 01:25:26]} {[%emt 00:00:25]} a5 {[%clk 01:02:13]} {[%emt 00:00:58]} 14.
a4 {[%clk 01:22:02]} {[%emt 00:03:53]} Ba6 {[%clk 00:59:25]} {[%emt 00:03:18]}
15. Re1 {[%clk 01:22:15]} {[%emt 00:00:16]} Ne4 {[%clk 00:59:40]} {[%emt
00:00:16]} 16. Nd2 {[%clk 01:17:20]} {[%emt 00:05:25]} Ndf6 {[%clk 00:59:48]}
{[%emt 00:00:22]} 17. Nf1 {[%clk 01:05:47]} {[%emt 00:12:03]} Qd7 {[%clk
00:49:05]} {[%emt 00:11:13]} 18. f3 {[%clk 01:04:22]} {[%emt 00:01:54]} Ng5
{[%clk 00:49:32]} {[%emt 00:00:04]} 19. h4 {[%clk 01:04:36]} {[%emt 00:00:16]}
Ngh7 {[%clk 00:49:26]} {[%emt 00:00:36]} 20. g4 {[%clk 01:03:04]} {[%emt
00:02:01]} Nf8 {[%clk 00:46:04]} {[%emt 00:03:52]} 21. Ng3 {[%clk 01:01:48]}
{[%emt 00:01:45]} Ng6 {[%clk 00:43:58]} {[%emt 00:02:36]} 22. h5 {[%clk
00:59:15]} {[%emt 00:03:03]} Nf4 {[%clk 00:44:05]} {[%emt 00:00:24]} 23. Qd2
{[%clk 00:58:44]} {[%emt 00:01:01]} Nxg2 {[%clk 00:32:49]} {[%emt 00:11:47]} 24.
Kxg2 {[%clk 00:59:12]} {[%emt 00:00:01]} b5 {[%clk 00:30:56]} {[%emt 00:02:24]}
25. axb5 {[%clk 00:53:53]} {[%emt 00:05:48]} Qxb5 {[%clk 00:29:59]} {[%emt
00:01:28]} 26. Ba3 {[%clk 00:49:29]} {[%emt 00:04:53]} Re6 {[%clk 00:29:11]}
{[%emt 00:01:18]} 27. Rc3 {[%clk 00:49:22]} {[%emt 00:00:37]} Rae8 {[%clk
00:29:22]} {[%emt 00:00:19]} 28. e3 {[%clk 00:49:35]} {[%emt 00:00:17]} Nh7
{[%clk 00:22:53]} {[%emt 00:07:00]} 29. Nf5 {[%clk 00:48:23]} {[%emt 00:01:42]}
Qb6 {[%clk 00:22:49]} {[%emt 00:00:34]} 30. Qf2 {[%clk 00:47:43]} {[%emt
00:01:09]} Ng5 {[%clk 00:22:04]} {[%emt 00:01:15]} 31. Qg3 {[%clk 00:47:30]}
{[%emt 00:00:44]} Rd8 {[%clk 00:22:16]} {[%emt 00:00:17]} 32. Qf2 {[%clk
00:38:39]} {[%emt 00:09:21]} Bb5 {[%clk 00:19:49]} {[%emt 00:02:57]} 33. Qc2
{[%clk 00:35:39]} {[%emt 00:03:29]} Qa6 {[%clk 00:20:01]} {[%emt 00:00:19]} 34.
e4 {[%clk 00:29:39]} {[%emt 00:06:30]} dxe4 {[%clk 00:19:19]} {[%emt 00:01:12]}
35. fxe4 {[%clk 00:30:07]} {[%emt 00:00:02]} Rde8 {[%clk 00:17:23]} {[%emt
00:02:26]} 36. Ng3 {[%clk 00:26:00]} {[%emt 00:04:38]} a4 {[%clk 00:13:17]}
{[%emt 00:04:37]} 37. d5 {[%clk 00:23:50]} {[%emt 00:02:39]} Re5 {[%clk
00:13:00]} {[%emt 00:00:48]} 38. Rce3 {[%clk 00:22:20]} {[%emt 00:01:59]} axb3
{[%clk 00:09:40]} {[%emt 00:03:51]} 39. Qxb3 {[%clk 00:22:42]} {[%emt
00:00:07]} Bc4 {[%clk 00:09:49]} {[%emt 00:00:20]} 40. Qb4 {[%clk 00:21:46]}
{[%emt 00:01:27]} Bxd5 {[%clk 00:09:42]} {[%emt 00:00:38]} 41. Bb2 {[%clk
00:21:40]} {[%emt 00:00:36]} Bxe4+ {[%clk 00:07:50]} {[%emt 00:02:21]} 42. Rxe4
{[%clk 00:15:22]} {[%emt 00:06:47]} Rxe4 {[%clk 00:07:47]} {[%emt 00:00:34]} 43.
Rxe4 {[%clk 00:15:47]} {[%emt 00:00:06]} Rxe4 {[%clk 00:06:55]} {[%emt
00:01:21]} 44. Nxe4 {[%clk 00:15:44]} {[%emt 00:00:33]} Qa8 {[%clk 00:06:59]}
{[%emt 00:00:26]} 45. Kg3 {[%clk 00:14:34]} {[%emt 00:01:40]} Nxe4+ {[%clk
00:05:14]} {[%emt 00:02:15]} 46. Kf4 {[%clk 00:14:55]} {[%emt 00:00:09]} Ng5
{[%clk 00:05:11]} {[%emt 00:00:33]} 47. Qc3 {[%clk 00:15:06]} {[%emt 00:00:19]}
Qa4+ {[%clk 00:05:20]} {[%emt 00:00:22]} 48. Ke3 {[%clk 00:15:25]} {[%emt
00:00:10]} Qe4+ {[%clk 00:05:41]} {[%emt 00:00:09]} 49. Kd2 {[%clk 00:15:24]}
{[%emt 00:00:31]} Nf3+ {[%clk 00:05:53]} {[%emt 00:00:19]} 50. Kd1 {[%clk
00:15:46]} {[%emt 00:00:07]} Qxg4 {[%clk 00:06:16]} {[%emt 00:00:07]} 0-1